LEADER 01186nam a2200301 a 4500 001 000000149475 003 CaOOAMICUS 005 20160217151712.0 008 160217s2014 it u000 u ita r 020 $a978-88-98752-26-3* 032 $aLibriCat 040 $aPUL$bita 082 04$a344.45074 100 1 $aLanza, Vincenzo.$0(OLS)http://pul/name/67305 245 00$aManuale di legislazione universitaria /$cVincenzo Lanza. 260 $aNapoli :$bGiapeto,$c©2014. 300 $a517 p. ;$c24 cm. 490 1 $aPegaso Press ; ;$v2 650 4$aUniversitą$xLegislazione.$0(OLS)http://pul/subject/19744 830 0$aPegaso Press ;$v2.$0(OLS)http://pul/title/188458 850 $aPUL 852 $aPUL$W1$xSL Diritto e Scienze Sociali 3$y79$m344. 45074 LANVI 1$j172124$qDDC 21$B173747$CPULBib$Z2$F173747 $H127169 $81 941 1 $a9 996 $6020$a978-88-98752-26-3*$9(OLS)http://pul/number/159739 996 $6082$a344.45074$9(OLS)http://pul/classification/2225 996 $6245$aManuale di legislazione universitaria$9(OLS)http://pul/title/188457 996 $6260$aNapoli :$bGiapeto$9(OLS)http://pul/publisher/84568 LEADER 01794nam a2200361 a 4500 001 000000158095 003 CaOOAMICUS 005 20170123172200.0 008 170123s2016 it u000 u ita r 020 $a978-88-10-45009-3* 032 $aLibriCat 040 $aPUL$bita 082 14$a269.2 110 2 $aFacoltą teologica dell'Emilia Romagna. $bDipartimento di storia della teologia. $bConvegno $d(2011 : Bologna).$0(OLS)http://pul/name/100942 245 10$aEducazione, paideia cristiana e immagini di Chiesa : $batti del convegno della Facoltą teologica dell'Emilia-Romagna : Bologna 29-30 novembre 2011 / $ca cura di Davide Righi . 260 $aBologna :$bEDB,$c©2016. 300 $a226 p. ;$c24 cm. 490 1 $aBiblioteca di Teologia dell'Evangelizzazione ;$v10 504 $aBibliografia in nota a pič pagina. 650 4$aCatechesi.$0(OLS)http://pul/subject/4492 650 4$aEducazione cristiana.$0(OLS)http://pul/subject/10462 650 4$aEvangelizzazione.$0(OLS)http://pul/subject/1355 700 1 $aRighi, Davide.$0(OLS)http://pul/name/100943 830 0$aBiblioteca di Teologia dell'Evangelizzazione ;$v10.$0(OLS)http://pul/title/115988 850 $aPUL 852 $aPUL$W1$xSL Religione 3$y85$m269. 2 RIGDA 1$j181422$qDDC 21$B184563$CPULBib$Z2$F184563 $H128701 $81 941 1 $a9 983 0$aBTE. 996 $6020$a978-88-10-45009-3* $9(OLS)http://pul/number/161861 996 $6082$a269.2$9(OLS)http://pul/classification/634 996 $6245$aEducazione, paideia cristiana e immagini di Chiesa : $batti del convegno della Facoltą teologica dell'Emilia-Romagna : Bologna 29-30 novembre 2011 / $9(OLS)http://pul/title/197702 996 $6260$aBologna :$bEDB$9(OLS)http://pul/publisher/56073